01916nam a22001697a 4500003000900000005001700009008004100026040002500067082001400092245018300106260007000289300002600359505126500385650003501650650004001685700002101725DO-SdBNP20220126104557.0220126b1991 ||||| |||| 00| 0 spa d aDO-SdBNPbspacBNPHU aF-bR426c aRepública Dominicana :bcenso experimental de Villa Altagracia 1990 (informe general y tabulaciones básicas) ; versión preliminar /cManuel Rincón, Bienvenida Rodríguez aSanto Domingo :bConsejo Nacional de Población y Familia.c1991 a53 p. :bil. ;c28 cm aINFORME METODOLOGICO DEL CENSO EXPERIMENTAL 3|Antecedentes y objetivos del Censo experimental 3|Los objetivos 4|El área de estudio cubierta por el Censo Experimental 6|El contenido de la boleta 6|Actividades preparatorias del censo 10|El trabajo de campo 12|La revisión del material en la oficina 12|La vuelta al terreno para confirmar información que presentaba signos de irregularidad 14|Los problemas de omision y mala declaración de la fecha de nacimiento del último hijo 14|Consideraciones sobre la investigación de la sobrevivencia de hermanas 15|Las preguntas de control sobre posible omisión de nacimientos ocurridos después del último nacido vivo declarado 16|La omisión y la mala declaración de fecha de defunción 16|Omision de menores de un año 17|Los resultados en la investigación de la fecundidad 17|La declaracion de abortos como fallecidos 17|De los menores registrados en el hogar sin una madre asignable 18|De la experiencia en la identificación del informante 18|El procesamiento de los datos 19|Los principales resultados en relación a los objetivos 19|RESULTADOS GENERALES Y TABULACIONES BASICAS 21|La vivienda y sus condiciones 21|Características generales de la población urbana en Villa Altagracia 21 aRepública DominicanaxCensos aRepública DominicanaxPoblación aRincón, Manuel